| 000 | 00645nam a2200253Ia 4500 | ||
|---|---|---|---|
| 001 | 16407 | ||
| 003 | GE_BSU | ||
| 008 | 181216s||||||||xx |||||||||||||| ||und|| | ||
| 020 | _a003033473X Workbook with CD ISBN 0030334810 | ||
| 040 | _cGE_BSU | ||
| 080 | _a54 | ||
| 100 | _aVining William J. Rotello Vincent M. Bak David A. | ||
| 245 | _aInteractive Organic Chemistry | ||
| 245 | _bCD-ROM and Workbook | ||
| 260 | _aUSA | ||
| 260 | _bTHOMSON: BROOKS\COLE | ||
| 260 | _c2001 | ||
| 300 | _a142p;23cm. | ||
| 300 | _b+1CD-Rom | ||
| 541 | _h44gel. | ||
| 653 | _aInteractive Organic Chemistry | ||
| 653 | _aქიმია | ||
| 942 | _cBK | ||
| 999 |
_c49483 _d49483 |
||